<?xml version="1.0" encoding="UTF-8"?>
<record
    xmlns:xsi="http://www.w3.org/2001/XMLSchema-instance"
    xsi:schemaLocation="http://www.loc.gov/MARC21/slim http://www.loc.gov/standards/marcxml/schema/MARC21slim.xsd"
    xmlns="http://www.loc.gov/MARC21/slim">

  <leader>02554nam a2200361 i 4500</leader>
  <controlfield tag="003">CSPC</controlfield>
  <controlfield tag="005">20230913105140.0</controlfield>
  <controlfield tag="008">230913s2020    pau           001 0 eng d</controlfield>
  <datafield tag="020" ind1=" " ind2=" ">
    <subfield code="a">9781975114558</subfield>
  </datafield>
  <datafield tag="020" ind1=" " ind2=" ">
    <subfield code="a">1975114558 </subfield>
  </datafield>
  <datafield tag="040" ind1=" " ind2=" ">
    <subfield code="a">CSPC</subfield>
    <subfield code="b">eng</subfield>
    <subfield code="c">CSPC</subfield>
    <subfield code="e">rda</subfield>
  </datafield>
  <datafield tag="050" ind1="0" ind2="4">
    <subfield code="a">RT120.E4</subfield>
  </datafield>
  <datafield tag="082" ind1="0" ind2="4">
    <subfield code="a">616.025076</subfield>
    <subfield code="b">C629l</subfield>
  </datafield>
  <datafield tag="100" ind1="1" ind2=" ">
    <subfield code="a">Clutter, Patricia L.,</subfield>
    <subfield code="e">author.</subfield>
  </datafield>
  <datafield tag="245" ind1="1" ind2="0">
    <subfield code="a">Lippincott Q &amp; A certification review :</subfield>
    <subfield code="b">emergency nursing (CEN) /</subfield>
    <subfield code="c">Patricia L. Clutter.</subfield>
  </datafield>
  <datafield tag="246" ind1="3" ind2=" ">
    <subfield code="a">Emergency nursing</subfield>
  </datafield>
  <datafield tag="250" ind1=" " ind2=" ">
    <subfield code="a">Third edition.</subfield>
  </datafield>
  <datafield tag="264" ind1=" " ind2="1">
    <subfield code="a">Philadelphia :</subfield>
    <subfield code="b">Wolters Kluwer,</subfield>
    <subfield code="c">2020.</subfield>
  </datafield>
  <datafield tag="300" ind1=" " ind2=" ">
    <subfield code="a">ix, 408 pages :</subfield>
    <subfield code="b">illustrations ;</subfield>
    <subfield code="c">27 cm.</subfield>
  </datafield>
  <datafield tag="336" ind1=" " ind2=" ">
    <subfield code="2">rdacontent</subfield>
    <subfield code="a">text</subfield>
    <subfield code="b">txt</subfield>
  </datafield>
  <datafield tag="337" ind1=" " ind2=" ">
    <subfield code="2">rdamedia</subfield>
    <subfield code="a">unmediated</subfield>
    <subfield code="b">n</subfield>
  </datafield>
  <datafield tag="338" ind1=" " ind2=" ">
    <subfield code="2">rdacarrier</subfield>
    <subfield code="a">volume</subfield>
    <subfield code="b">nc</subfield>
  </datafield>
  <datafield tag="500" ind1=" " ind2=" ">
    <subfield code="a">Includes index.</subfield>
  </datafield>
  <datafield tag="505" ind1="0" ind2=" ">
    <subfield code="a">Understanding the certified emergency nurse examination / Patricia L. Clutter -- Professional issues / Debra Delaney -- Shock / Terry Foster -- Environmental emergencies / Joan Somes -- Toxicology and substance abuse / Bill Light -- Neurologic emergencies / Cathy C. Fox -- Medical and communicable diseases / Nancy Mannion Bonalumi -- Respiratory emergencies / Jaime Dahm -- Orthopedic emergencies / Tiffany Strever -- Maxillofacial and ocular emergencies / Melissa L. Weir -- Psychosocial emergencies 
/ Aaron Wolff -- Cardiovascular emergencies / Geraldine F. Muller -- Gastrointestinal emergencies / Patricia L. Clutter -- Genitourinary, gynecologic, and obstetrical emergencies / Monta Rae Glaser -- Sample test 1 ; Sample test 2 / Patricia L. Clutter.</subfield>
  </datafield>
  <datafield tag="520" ind1=" " ind2=" ">
    <subfield code="a">Prepare to tackle the demands of certification with the newly updated "Lippincott Q &amp; A Certification Review, 3rd edition", offering the optimal emergency nursing certification (CEN) exam review. Written by emergency nursing experts, each chapter offers practice questions that mimic the style and content of the Board of Certification for Emergency Nursing (BCEN) exam. Addressing all body systems and a broad range of emergency interventions, this is one study guide that no RN preparing for the CEN can afford to do without. -- From publisher's description.</subfield>
  </datafield>
  <datafield tag="650" ind1=" " ind2="0">
    <subfield code="a">Emergency nursing</subfield>
    <subfield code="v">Examinations, questions, etc.</subfield>
    <subfield code="v">Study guides.</subfield>
  </datafield>
  <datafield tag="650" ind1="1" ind2="2">
    <subfield code="a">Emergencies</subfield>
    <subfield code="x">nursing.</subfield>
  </datafield>
  <datafield tag="650" ind1="2" ind2="2">
    <subfield code="a">Emergency Nursing</subfield>
    <subfield code="x">methods.</subfield>
  </datafield>
  <datafield tag="655" ind1=" " ind2="2">
    <subfield code="a">Examination Questions.</subfield>
  </datafield>
  <datafield tag="710" ind1=" " ind2=" ">
    <subfield code="a">Lippincott Williams &amp; Wilkins </subfield>
  </datafield>
  <datafield tag="942" ind1=" " ind2=" ">
    <subfield code="2">ddc</subfield>
    <subfield code="n">0</subfield>
    <subfield code="c">BK</subfield>
    <subfield code="h">616.025076 C629l</subfield>
    <subfield code="k">GRD</subfield>
    <subfield code="m">2020</subfield>
  </datafield>
  <datafield tag="952" ind1=" " ind2=" ">
    <subfield code="0">0</subfield>
    <subfield code="1">0</subfield>
    <subfield code="2">ddc</subfield>
    <subfield code="4">0</subfield>
    <subfield code="7">0</subfield>
    <subfield code="a">CSPC</subfield>
    <subfield code="b">CSPC</subfield>
    <subfield code="c">GRD</subfield>
    <subfield code="d">2023-09-13</subfield>
    <subfield code="l">0</subfield>
    <subfield code="o">GRD 616.025076 C629l 2020</subfield>
    <subfield code="p">025855</subfield>
    <subfield code="r">2023-09-13 00:00:00</subfield>
    <subfield code="t">1-2</subfield>
    <subfield code="w">2023-09-13</subfield>
    <subfield code="y">BK</subfield>
  </datafield>
  <datafield tag="952" ind1=" " ind2=" ">
    <subfield code="0">0</subfield>
    <subfield code="1">0</subfield>
    <subfield code="2">ddc</subfield>
    <subfield code="4">0</subfield>
    <subfield code="7">0</subfield>
    <subfield code="a">CSPC</subfield>
    <subfield code="b">CSPC</subfield>
    <subfield code="c">GRD</subfield>
    <subfield code="d">2023-09-13</subfield>
    <subfield code="l">0</subfield>
    <subfield code="o">GRD 616.025076 C629l 2020</subfield>
    <subfield code="p">025856</subfield>
    <subfield code="r">2023-09-13 00:00:00</subfield>
    <subfield code="t">2-2</subfield>
    <subfield code="w">2023-09-13</subfield>
    <subfield code="y">BK</subfield>
  </datafield>
  <datafield tag="999" ind1=" " ind2=" ">
    <subfield code="c">26098</subfield>
    <subfield code="d">26098</subfield>
  </datafield>
</record>
